Zásady pro činnost útvarů služby pořádkové policie /

Main Author: Macek, Pavel, 1949-
Other Authors: Gregor, Milan, bezpečnostní služby
Language: Czech
Published: Praha : Policejní akademie České republiky, 1995
Edition: Vyd. 1.
Physical Description: 26 s. ; 29 cm
Book
Saved in:
LEADER 01191nam a2200337 a 4500
001 000032747
003 CZ BrMZK
005 20201216085929.0
008 950313s1995 xr e p cze d
015 |a cnb000111457 
020 |a 80-85981-04-1 
040 |a BOA001  |b cze 
043 |a e-xr--- 
080 |a 351.75  |2 MRF 
080 |a 351.74  |2 MRF 
080 |a (437.3)  |2 MRF 
080 |a (075.8)  |2 MRF 
100 1 |a Macek, Pavel,  |d 1949-  |7 mzk2004234117  |4 aut 
245 1 0 |a Zásady pro činnost útvarů služby pořádkové policie /  |c Pavel Macek, Milan Gregor 
250 |a Vyd. 1. 
260 |a Praha :  |b Policejní akademie České republiky,  |c 1995 
300 |a 26 s. ;  |c 29 cm 
521 |a Určeno jako skripta pro stud. Policejní akademie ČR 
610 1 7 |a Česko.  |b Policie  |7 ko2002159737  |2 czenas 
650 0 7 |a veřejný pořádek  |7 ph127088  |z Česko  |2 czenas 
650 0 7 |a policie  |7 ph124228  |z Česko  |2 czenas 
655 7 |a učebnice vysokých škol  |7 fd133772  |2 czenas 
700 1 |a Gregor, Milan,  |c bezpečnostní služby  |4 aut 
910 |a BOA001  |b X2-1012.571 
990 |a BK 
996 7 |b 2610025695  |c X2-1012.571  |l MZK  |r Sklad / do 24 hodin  |n 18  |p p.v.  |w 000032747  |u 000010  |a 1  |e BOA001  |j MZK50  |s A